Lives of extraordinary women : (Record no. 1802)

MARC details
000 -LEADER
fixed length control field 02043cam a2200349 a 4500
001 - CONTROL NUMBER
control field 1802
003 - CONTROL NUMBER IDENTIFIER
control field FISKH
005 - DATE AND TIME OF LATEST TRANSACTION
control field 20231002142532.0
008 - FIXED-LENGTH DATA ELEMENTS--GENERAL INFORMATION
fixed length control field 990816s2000 caua j b 000 0ceng
010 ## - LIBRARY OF CONGRESS CONTROL NUMBER
LC control number 99006840
020 ## - INTERNATIONAL STANDARD BOOK NUMBER
International Standard Book Number 0152008071
040 ## - CATALOGING SOURCE
Original cataloging agency DLC
Transcribing agency DLC
Modifying agency DLC
Language of cataloging eng
042 ## - AUTHENTICATION CODE
Authentication code lcac
050 00 - LIBRARY OF CONGRESS CALL NUMBER
Classification number HQ1236
Item number .K8 2000
082 00 - DEWEY DECIMAL CLASSIFICATION NUMBER
Classification number 320/.082
-- B
Edition number 21
100 1# - MAIN ENTRY--PERSONAL NAME
Personal name Krull, Kathleen.
245 10 - TITLE STATEMENT
Title Lives of extraordinary women :
Remainder of title rulers, rebels (and what the neighbors thought) /
Statement of responsibility, etc. written by Kathleen Krull ; illustrated by Kathryn Hewitt.
250 ## - EDITION STATEMENT
Edition statement 1st ed.
260 ## - PUBLICATION, DISTRIBUTION, ETC.
Place of publication, distribution, etc. San Diego :
Name of publisher, distributor, etc. Harcourt,
Date of publication, distribution, etc. 2000.
300 ## - PHYSICAL DESCRIPTION
Extent 96 pages :
Other physical details color illutrations ;
Dimensions 26 cm.
520 ## - SUMMARY, ETC.
Summary, etc. Not all governments have been run by men. Lives of Extraordinary Women turns the spotlight on women who have wielded power, revealing their feats--and flaws--for all the world to see. Here you'll find twenty of the most influential women in history: queens, warriors, prime ministers, first ladies, revolutionary leaders. Some are revered. Others are notorious. What were they really like? In this grand addition to their highly praised series, Kathleen Krull and Kathryn Hewitt celebrate some of the world's most noteworthy women, ranging from the famous to those whose stories have rarely been told.
521 8# - TARGET AUDIENCE NOTE
Target audience note 1150<br/>
Source Lexile<br/>
521 8# - TARGET AUDIENCE NOTE
Source Raz-Plus<br/>
650 #0 - SUBJECT ADDED ENTRY--TOPICAL TERM
Topical term or geographic name entry element Women
General subdivision Political activity
Form subdivision Biography
-- Juvenile literature.
650 #0 - SUBJECT ADDED ENTRY--TOPICAL TERM
Topical term or geographic name entry element Women heads of state
Form subdivision Biography
-- Juvenile literature.
700 1# - ADDED ENTRY--PERSONAL NAME
Personal name Hewitt, Kathryn,
Relator term illustrator
856 42 - ELECTRONIC LOCATION AND ACCESS
Materials specified Contributor biographical information
Uniform Resource Identifier <a href="http://www.loc.gov/catdir/bios/har051/99006840.html">http://www.loc.gov/catdir/bios/har051/99006840.html</a>
856 42 - ELECTRONIC LOCATION AND ACCESS
Materials specified Publisher description
Uniform Resource Identifier <a href="http://www.loc.gov/catdir/description/har021/99006840.html">http://www.loc.gov/catdir/description/har021/99006840.html</a>
906 ## - LOCAL DATA ELEMENT F, LDF (RLIN)
a 7
b cbc
c orignew
d 1
e ecip
f 19
g y-gencatlg
942 ## - ADDED ENTRY ELEMENTS (KOHA)
Source of classification or shelving scheme Dewey Decimal Classification
Koha item type Books
Suppress in OPAC No

No items available.